| 000 | 004790000a22001690004500 | ||
|---|---|---|---|
| 003 | MACL | ||
| 005 | 20151227134521.0 | ||
| 008 | 151227b xxu||||| |||| 00| 0 eng d | ||
| 040 |
_aMACL _cmacl |
||
| 041 | _aEnglish | ||
| 082 | _a010/ROB | ||
| 100 |
_aRobinson, A M Lewin _923230 |
||
| 245 |
_aSystematic Bibliography _ba practical guide to the work of compilation |
||
| 260 |
_bAsia Publishing House _c1966 _aBombay |
||
| 650 |
_aBibliography _915346 |
||
| 942 |
_cBK _k010/ROB _2ddc |
||
| 999 |
_c36390 _d36390 |
||